Double Word Hourglass Quiz Stats

Quiz Updated Oct 26, 2012

Challenge
Share
Tweet
Embed
Score 0/17 Timer 03:00
3 Plays Today
Clue Word % Correct
Key of Beethoven's 7th SymphonyA
100%
First letter of the alphabetA
100%
Having a hairless headBALD
97.8%
'___ American in Paris'AN
96.3%
'___ Time Goes By'AS
96.1%
A young Irish boyLAD
95.6%
A spot on TVAD
94.2%
Time when the sun risesDAWN
92.7%
Tell someone of dangerWARN
92.1%
Clue Word % Correct
Interjection you say to a cute puppyAW
91.7%
A large expanse of waterSEA
90.6%
Like a pencil sketch☺ DRAWN ☺
87.4%
Pale in complexionWAN
86%
A slangy denialNAW
84.1%
Clock fronts☺ FACES ☺
82.1%
Reached base without getting outSAFE
80%
In a crude or poor manner☺ BADLY ☺
43.5%

You're not logged in!

Compare scores with friends on all Sporcle quizzes.
Join for Free
OR
Log In

You Might Also Like...

Show Comments

Extras

Top Quizzes Today


Score Distribution

Your Account Isn't Verified!

In order to create a playlist on Sporcle, you need to verify the email address you used during registration. Go to your Sporcle Settings to finish the process.

Report this User

Report this user for behavior that violates our Community Guidelines.

Details: